Which Roman Numeral is Higher? - Statistics

General Stats
  • This quiz has been taken 97 times
  • The average score is 10 of 12
Answer Stats
Question Answer % Correct
. X
100%
. CC
99%
. XIX
97%
. XXXVIII
96%
. LII
93%
. CCL
91%
. CV
90%
. MMMMMMM
76%
. CDXXIV
75%
. DXL
63%
. MMDCCXIII
51%
. CMXCIX
49%
No matching quizzes found
Score Distribution
Percent of People with Each Score
Percentile by Number Answered
Your Score History
You have not taken this quiz